01348cpcaa2200301 a 4500001001300000003000400013005001700017008004100034010001700075040002400092072001200116100003300128245005100161300001400212506002200226520029400248545002400542546003600566580005700602600003700659610004700696610009000743610002200833651005000855651005100905651006300956656002701019mm2010085529DLC20260227111732.0100304|||||||||||| eng  amm2010085529 aDLCedacscDLCdDLC 7aW2lcmd1 aKent, William,dactive 1863.00aWilliam Kent correspondence and ticket,f1863. a2fitems.0 aOpen to research.8 aALS (1863 August 15; New Berne, N.C.) addressed to Sgt. Dexter B. Ladd, Boston, Mass., from Kent while serving with the 23rd Massachusetts Infantry, Company H, relating to army supplies and personnel. Includes a ticket for the purchase of photographs from B.F. Evans & Son in Norfolk, Va.0 aUnion Army officer. aCollection material in English. aForms part of: Miscellaneous Manuscripts collection.10aLadd, Dexter B.vCorrespondence.10aUnited States.bArmyxSupplies and stores.10aUnited States.bArmy.bMassachusetts Infantry Regiment, 23rd (1861-1865).bCompany H.20aB.F. Evans & Son. 0aMassachusettsxHistoryyCivil War, 1861-1865. 0aNorth CarolinaxHistoryyCivil War, 1861-1865. 0aUnited StatesxHistoryyCivil War, 1861-1865xPhotography. 7aArmy officers.2itoamc